000 00538nam a2200217Ia 4500
003 OSt
005 20250529124821.0
008 008 250505s9999 xx 000 0 eng d
020 _a9780199674343
040 _aILCL
_beng
_cILCL
041 _aeng
_2eng
082 _qILCL
084 _aZ,73,805 R3
100 _aLord Denning
245 4 _aThe Due Process of Law
260 _aIndia
_bOxford University Press
_c2023
300 _axviii,263p.
365 _aINR
942 _cTB
_2Colon Classification
_n0
999 _c1312641
_d1312641